LEADER 00973nam a2200241 4500 001 000000361644 003 CaOOAMICUS 005 20250213093142.0 008 250212s1981 it 000 u ita r 040 $aSeMil$bita 100 1 $aFerrarotti, Franco,$d<1926-2024>.$0(OLS)http://semarc/name/23 245 10$aIntroduzione alla sociologia /$cFranco Ferrarotti. 264 1$aRoma :$bEditori Riuniti,$c1981. 300 $a257 p. ;$c20 cm 490 1 $aUniversale. Scienze sociali ;$v22 650 4$aSociologia.$0(OLS)http://semarc/subject/3570 830 0$aUniversale. Scienze sociali ;$v22.$0(OLS)http://semarc/title/8677 850 $aSeMil 852 $aSeMil$W1$xVenegono$y1$m3M II 437$j254476$B252597$CSeMilBibl$Z2$F252597 $81 961 $aBuzzi mons. Franco - Omaggio 996 $6245$aIntroduzione alla sociologia$9(OLS)http://semarc/title/201598 996 $6264$aRoma :$bEditori Riuniti$9(OLS)http://semarc/publisher/30240 LEADER 01384nam a2200241 i 4500 001 000000243052 003 CaOOAMICUS 005 20150622000000.0 008 150622s1699 it u000 u ita u 013 $a221957 026 $au-ni 39i. dem- stde (3) 1699 (R) 040 $aSeMil$bita 245 10$aOrazioni panegiriche de padre Angelo Maria da S. Filippo eremitano scalzo di s. Agostino, ... dedicate all' ... Conte Gioanni Borromeo Arese Conte di Arona, &c. 260 $aIn Milano :$bNella Stampa di Giuseppe Pandolfo Malatesta,$c1699. 300 $a[12], 325, [1] p. ;$c4°. 500 $aVignetta xilogr. con emblema dei Borromeo (Humilitas) sul front. - Testate, iniz., fin. xilogr. - Segn. : a6 A-2S4 (2S4 bianca). 650 4$aPanegirici sacri.$0(OLS)http://semarc/subject/5165 700 0 $aAngelo Maria : di San Filippo.$0(OLS)http://semarc/name/40826 700 1 $aMalatesta, Giuseppe Pandolfo,$c.$0(OLS)http://semarc/name/2977 850 $aSeMil 852 $aSeMil$W1$xVenegono$y1$m3F IV 116 FA$j193398$B193398$CSeMilBibl$Z2$F204184 $8I 996 $6245$aOrazioni panegiriche de padre Angelo Maria da S. Filippo eremitano scalzo di s. Agostino, ... dedicate all' ... Conte Gioanni Borromeo Arese Conte di Arona, &c$9(OLS)http://semarc/title/344833 996 $6260$aIn Milano :$bNella Stampa di Giuseppe Pandolfo Malatesta$9(OLS)http://semarc/publisher/41798